000 00266nam a2200097Ia 4500
008 220204s9999 xx 000 0 und d
082 _a658.511.8
_bHOW
245 0 _aHow to develop a job description program
260 _aNew York
_bAlexander Hamilton
_c1980
942 _cBK
999 _c37097
_d37097